| 000 -ლიდერი |
| ფიქსირებული სიგრძის საკონტროლო ველი |
01305nam a22002537a 4500 |
| 003 - საკონტროლო ნომრის იდენტიფიკატორი |
| საკონტროლო ველი |
Ge_BSU |
| 005 - ბოლო ოპერაციის თარიღი და დრო |
| საკონტროლო ველი |
20210723130743.0 |
| 008 - ფიქსირებული სიგრძის მონაცემთა ელემენტები - ზოგადი ინფორმაცია |
| ფიქსირებული სიგრძის საკონტროლო ველი |
210723s2020 ge ||||| |||| 00| 0 geo d |
| 020 ## - წიგნის საერთაშორისო სტანდარტული ნომერი |
| International Standard Book Number |
9789941312984 |
| 041 ## - ენის კოდი |
| Language code of text/sound track or separate title |
geo |
| 080 ## - უნივერსალური ათობითი კლასიფიკაციის ინდექსი |
| Universal Decimal Classification number |
32:327.2 პ-54 |
| 245 ## - ცნობა სათაურის შესახებ |
| Title |
პოლიტიკა და დემოკრატია / |
| Statement of responsibility, etc |
სემუელ ჰანტინგტონი, ფარიდ ზაქარია, კიმ დე ჯუნი, ისაია ბერლინი და სხვ.; რედ. ელზა ნაბახტეველი. |
| 264 ## - წარმოების, გამოცემის, დისტრიბუციის და სხვა ცნობები |
| გამოცემის, წარმოების, დისტრიბუციის... ადგილი |
თბილისი : |
| გამოცემის, წარმოების, დისტრიბუციის... სახელწოდება |
ინტელექტი, |
| გამოცემის, წარმოების, დისტრიბუციის... თარიღი |
2020. |
| 300 ## - ფიზიკური აღწერა |
| Extent |
400 გვ. |
| Other physical details |
24 სმ. |
| 501 ## - შენიშვნა თანმხლებ მასალაზე |
| With note |
საძიებელი გვ. 390-395 |
| 653 ## - INDEX TERM--UNCONTROLLED |
| Uncontrolled term |
პოლიტიკა |
| 653 ## - INDEX TERM--UNCONTROLLED |
| Uncontrolled term |
დემოკრატია |
| 700 ## - ADDED ENTRY--PERSONAL NAME |
| Personal name |
სემუელ ჰანტინგტონი |
| Relator term |
ავტორი |
| 9 (RLIN) |
12311 |
| 700 ## - ADDED ENTRY--PERSONAL NAME |
| Personal name |
ზაქარია, ფარიდ |
| Relator term |
ავტორი |
| 9 (RLIN) |
12312 |
| 700 ## - ADDED ENTRY--PERSONAL NAME |
| Personal name |
ჯუნი, კიმ დე |
| Relator term |
ავტორი |
| 9 (RLIN) |
12313 |
| 700 ## - ADDED ENTRY--PERSONAL NAME |
| Personal name |
ისაია ბერლინი და სხვ. |
| Relator term |
ავტორი |
| 9 (RLIN) |
12314 |
| 700 ## - ADDED ENTRY--PERSONAL NAME |
| Personal name |
ნაბახტეველი, ელზა |
| Relator term |
რედაქტორი |
| 9 (RLIN) |
5442 |
| 942 ## - ADDED ENTRY ELEMENTS (KOHA) |
| Source of classification or shelving scheme |
|
| Koha item type |
წიგნი |